[Event "European Rapid 2011"]
[Site "Warsaw POL"]
[Date "2011.12.17"]
[Round "4"]
[White "Markowski, Tomasz"]
[Black "Pinski, Jan"]
[Result "1-0"]
[WhiteTitle "GM"]
[BlackTitle "IM"]
[WhiteElo "2606"]
[BlackElo "2377"]
[WhiteFideId "1105680"]
[BlackFideId "1108441"]
[EventDate "2011.12.17"]

1. g3 e5 2. c4 f5 3. Nc3 Nf6 4. d4 e4 5. Nh3 Bb4 6. e3 Bxc3+ 7. bxc3 O-O 8. Ba3
Re8 9. Nf4 b6 10. c5 bxc5 11. Bxc5 d5 12. Rb1 a5 13. c4 c6 14. cxd5 cxd5 15. Bb5
Bd7 16. a4 Kh8 17. O-O g5 18. Nh5 Re6 19. Nxf6 Qxf6 20. f4 Nc6 21. Qb3 g4 22.
Qxd5 Rd8 23. Bb6 Ne7 24. Bxd8 Nxd5 25. Bxf6+ Nxf6 26. Bxd7 Nxd7 27. Rfc1 Nb6 28.
Rc7 1-0

[Event "European Rapid 2011"]
[Site "Warsaw POL"]
[Date "2011.12.17"]
[Round "4"]
[White "Mickiewicz, Piotr"]
[Black "Kempinski, Robert"]
[Result "0-1"]
[BlackTitle "GM"]
[WhiteElo "2373"]
[BlackElo "2603"]
[WhiteFideId "1114891"]
[BlackFideId "1105663"]
[EventDate "2011.12.17"]

1. e4 c5 2. Nf3 d6 3. Nc3 Nf6 4. e5 dxe5 5. Nxe5 Nbd7 6. Nc4 g6 7. g3 Nb6 8.
Nxb6 Qxb6 9. Bg2 Bg4 10. Bf3 Qe6+ 11. Kf1 Bg7 12. d3 O-O 13. Be3 Qf5 14. Kg2
Bh3+ 15. Kg1 Rad8 16. Qe2 b6 17. Re1 Ng4 18. Bc1 Bd4 19. Ne4 Ne5 20. Ng5 f6 21.
Nxh3 Nxf3+ 22. Kg2 Nxe1+ 23. Rxe1 Be5 24. f4 Bd6 25. b3 b5 26. Qf3 c4 27. Nf2
cxd3 28. Nxd3 Rc8 29. Re2 Rc7 30. g4 Qd7 31. Qd5+ Kg7 32. f5 Rfc8 33. Ne1 Bb4
34. Qxd7 Rxd7 35. Nd3 Rxd3 0-1

[Event "European Rapid 2011"]
[Site "Warsaw POL"]
[Date "2011.12.17"]
[Round "4"]
[White "Kravtsiv, Martyn"]
[Black "Czerwonski, Aleksander"]
[Result "1/2-1/2"]
[WhiteTitle "GM"]
[BlackTitle "IM"]
[WhiteElo "2601"]
[BlackElo "2371"]
[WhiteFideId "14113147"]
[BlackFideId "1100459"]
[EventDate "2011.12.17"]

1. e4 e5 2. Nf3 Nc6 3. Bb5 a6 4. Ba4 Nf6 5. O-O Be7 6. Re1 b5 7. Bb3 d6 8. c3
O-O 9. h3 Na5 10. Bc2 c5 11. d4 Qc7 12. Nbd2 cxd4 13. cxd4 Nc6 14. Nb3 a5 15.
Be3 a4 16. Nbd2 Be6 17. Bd3 Qb7 18. d5 Nb4 19. Bf1 Bd7 20. a3 Na6 21. b3 axb3
22. Qxb3 Rfc8 23. Rec1 Rxc1 24. Rxc1 Nc7 25. Bd3 Nce8 26. Ne1 Bd8 27. Nc2 Bb6
28. Nf1 Bxe3 29. Nfxe3 Qa7 30. Nd1 Rc8 31. Rb1 Qc5 32. Nde3 Nc7 33. Kh2 Na6 34.
f3 Rb8 35. Bf1 Qa7 36. Qc3 Nc5 37. Qd2 h6 38. Ra1 Nb3 39. Qc3 Nxa1 40. Qxa1 b4
41. axb4 Qxa1 42. Nxa1 Rxb4 43. Nac2 Rb2 44. Na3 Ne8 45. Nac4 Ra2 46. Nb6 Ba4
47. Nf5 Bd1 48. Kg3 Bb3 49. Bb5 Nf6 50. Nxd6 Nh5+ 51. Kh2 Bd1 52. Kg1 Nf4 53.
Bf1 Be2 54. g3 Nh5 55. Bxe2 Rxe2 56. Ndc4 f6 57. d6 Kf7 58. d7 Ke7 59. Na5 Rc2
60. Nb7 Rd2 61. d8=Q+ Rxd8 62. Nxd8 Kxd8 63. Kf2 Ke7 64. Nd5+ Kf7 65. Ne3 g5 66.
Nf5 Kg6 67. Ke3 Ng7 68. Nxg7 Kxg7 69. Kd3 Kf7 70. Kc4 h5 71. Kc5 1/2-1/2

[Event "European Rapid 2011"]
[Site "Warsaw POL"]
[Date "2011.12.17"]
[Round "4"]
[White "Janaszak, Dawid"]
[Black "Dziuba, Marcin"]
[Result "0-1"]
[WhiteTitle "FM"]
[BlackTitle "GM"]
[WhiteElo "2370"]
[BlackElo "2589"]
[WhiteFideId "1119206"]
[BlackFideId "1112953"]
[EventDate "2011.12.17"]

1. c4 Nf6 2. g3 c6 3. Bg2 d5 4. Nf3 Bg4 5. O-O e6 6. d3 Nbd7 7. b3 Bd6 8. Bb2
O-O 9. Nbd2 a5 10. Qc2 Re8 11. e4 dxe4 12. dxe4 e5 13. h3 Bh5 14. Nh4 Nc5 15.
Bf3 Bg6 16. Nxg6 hxg6 17. Rad1 Qc7 18. Bg2 Rad8 19. Nb1 Ne6 20. h4 Bc5 21. Rxd8
Rxd8 22. Rd1 Ng4 23. Rf1 Nd4 24. Bxd4 exd4 25. Qd1 Nxf2 26. Kxf2 d3+ 27. Kf3 f5
28. e5 Qxe5 29. Qe1 Qd4 30. Bh3 d2 31. Nxd2 Qxd2 32. Qxd2 Rxd2 33. h5 gxh5 34.
Bxf5 Kf7 35. Bc8 b6 36. Bb7 Rxa2 37. Bxc6 Rb2 38. Ke4+ Kg6 39. Rf3 Rd2 40. Be8+
Kh6 41. Bf7 Re2+ 42. Kd3 Re5 43. Bd5 Kg5 44. Be4 Kg4 45. Rf7 g5 46. Bf3+ Kxg3
47. Bxh5 Re3+ 48. Kc2 g4 49. Rg7 Kh4 50. Bg6 Re5 51. Bd3 g3 52. Bf1 Rf5 53. Rh7+
Kg5 54. Bh3 Rf2+ 55. Kd3 Rh2 56. Rg7+ Kf4 57. Bf1 Bf2 58. Rf7+ Ke5 59. Rg7 Kd6
60. Rg5 Be1 61. Ke4 Rb2 62. Rd5+ Kc6 63. Rd1 0-1

[Event "European Rapid 2011"]
[Site "Warsaw POL"]
[Date "2011.12.17"]
[Round "4"]
[White "Mista, Aleksander"]
[Black "Nguyen, Piotr"]
[Result "1-0"]
[WhiteTitle "GM"]
[WhiteElo "2587"]
[BlackElo "2364"]
[WhiteFideId "1110381"]
[BlackFideId "1127993"]
[EventDate "2011.12.17"]

1. e4 g6 2. d4 Bg7 3. Nc3 d6 4. g3 Nf6 5. Bg2 O-O 6. Nge2 Na6 7. h3 c5 8. Be3
cxd4 9. Bxd4 Bd7 10. O-O Bc6 11. g4 Qa5 12. a3 Qc7 13. Ng3 Nc5 14. f4 Rfd8 15.
g5 Nfd7 16. Bxg7 Kxg7 17. Kh2 Kg8 18. h4 b5 19. h5 a5 20. Nd5 Bxd5 21. exd5 Na4
22. b3 Nc3 23. Qf3 b4 24. a4 Qc5 25. Rae1 Re8 26. f5 gxh5 27. Qxh5 Qd4 28. f6
exf6 29. gxf6 Ne5 30. Qg5+ Ng6 31. Nf5 1-0

[Event "European Rapid 2011"]
[Site "Warsaw POL"]
[Date "2011.12.17"]
[Round "4"]
[White "Vuilleumier, Alexandre"]
[Black "Swiercz, Dariusz"]
[Result "0-1"]
[WhiteTitle "IM"]
[BlackTitle "GM"]
[WhiteElo "2356"]
[BlackElo "2584"]
[WhiteFideId "1305662"]
[BlackFideId "1126881"]
[EventDate "2011.12.17"]

1. e4 c5 2. Nf3 d6 3. d4 cxd4 4. Nxd4 Nf6 5. Nc3 a6 6. Be3 e5 7. Nb3 Be7 8. Qd2
Be6 9. O-O-O O-O 10. f4 b5 11. f5 Bd7 12. Qd3 b4 13. Nd5 Nxd5 14. Qxd5 Bc6 15.
Qd3 a5 16. Kb1 Nd7 17. Nd2 Nf6 18. Bg5 Nxe4 19. Nxe4 Bxg5 20. Nxd6 Qc7 21. Nb5
Qb6 22. Qc4 Rad8 23. Be2 Bd2 24. a4 e4 25. f6 g6 26. h4 h5 27. g4 Rd7 28. Ka1
Bd5 29. Qd4 Qxd4 30. Nxd4 e3 31. Rhg1 Be4 32. Nb5 Bxc2 33. Rdf1 hxg4 34. Bxg4
Rd5 35. Be2 Kh7 36. h5 g5 37. Bc4 Rc5 38. Nd6 Rxc4 39. Nxc4 Rd8 40. Rg2 b3 0-1

[Event "European Rapid 2011"]
[Site "Warsaw POL"]
[Date "2011.12.17"]
[Round "4"]
[White "Toma, Katarzyna"]
[Black "Fedorov, Alexei"]
[Result "0-1"]
[WhiteTitle "WIM"]
[BlackTitle "GM"]
[WhiteElo "2297"]
[BlackElo "2579"]
[WhiteFideId "1119907"]
[BlackFideId "13500465"]
[EventDate "2011.12.17"]

1. e4 c5 2. Nf3 d6 3. d4 cxd4 4. Nxd4 Nf6 5. Nc3 g6 6. Be2 Bg7 7. Be3 Nc6 8. O-O
O-O 9. h3 Bd7 10. Nb3 a6 11. a4 Na5 12. f4 Nxb3 13. cxb3 Bc6 14. Bf3 e5 15. Qd2
exf4 16. Bxf4 Re8 17. Rae1 Qb6+ 18. Qf2 Qxb3 19. Bxd6 Nd7 20. Kh1 Ne5 21. Bxe5
Bxe5 22. Nd5 Bxd5 23. exd5 Bd6 24. Rd1 Qxa4 25. Bg4 f5 26. Bxf5 gxf5 27. Qxf5
Re7 28. Qf6 Qd7 29. Rd4 Rg7 30. Re1 Rf8 31. Qh6 Rg6 32. Qh5 Qf7 33. Qd1 Rxg2 0-1

[Event "European Rapid 2011"]
[Site "Warsaw POL"]
[Date "2011.12.17"]
[Round "4"]
[White "Zhigalko, Andrey"]
[Black "Wandzik, Wojciech"]
[Result "0-1"]
[WhiteTitle "GM"]
[WhiteElo "2572"]
[BlackElo "2239"]
[WhiteFideId "13502247"]
[BlackFideId "1138910"]
[EventDate "2011.12.17"]

1. e4 c5 2. Nf3 e6 3. d4 cxd4 4. Nxd4 a6 5. Nc3 Qc7 6. Bd3 Nc6 7. Nxc6 bxc6 8.
Qe2 Nf6 9. O-O Be7 10. e5 Nd5 11. Nxd5 cxd5 12. Bf4 O-O 13. Rae1 d6 14. Qg4 g6
15. h4 dxe5 16. Bxe5 Bd6 17. f4 f6 18. Bxd6 Qxd6 19. Bxg6 hxg6 20. Qxg6+ Kh8 21.
Qh6+ Kg8 22. Rf3 Kf7 23. Rg3 Ke8 24. Rg7 Ra7 25. Qg6+ Kd8 26. Rg8 Qc5+ 27. Kh2
Qe7 28. g4 Rc7 29. c3 Bd7 30. g5 fxg5 31. fxg5 d4 32. cxd4 Qd6+ 33. Re5 Kc8 34.
Kg3 Kb7 35. Rxf8 Qxf8 36. Qe4+ Bc6 37. Qf4 Rf7 38. Qd2 Rf3+ 39. Kg4 Rf2 40. Qe3
Rg2+ 41. Kh3 Qf1 42. Qb3+ Ka8 43. Qa3 Qh1# 0-1

[Event "European Rapid 2011"]
[Site "Warsaw POL"]
[Date "2011.12.17"]
[Round "4"]
[White "Budrewicz, Krzysztof"]
[Black "Moranda, Wojciech"]
[Result "0-1"]
[BlackTitle "GM"]
[WhiteElo "2229"]
[BlackElo "2568"]
[WhiteFideId "1127950"]
[BlackFideId "1122401"]
[EventDate "2011.12.17"]

1. d4 Nf6 2. c4 g6 3. Nc3 Bg7 4. e4 d6 5. Be2 O-O 6. Bg5 Na6 7. Qd2 c6 8. h4 e5
9. d5 cxd5 10. cxd5 Nc5 11. f3 Bd7 12. Nh3 Rc8 13. Nf2 Qe8 14. g4 a5 15. h5 b5
16. Be3 b4 17. Ncd1 Bb5 18. h6 Bh8 19. O-O Bxe2 20. Qxe2 Nfd7 21. Nd3 Bf6 22.
N1f2 Qe7 23. Qd2 Bh4 24. Kg2 f5 25. Rh1 Bxf2 26. Bg5 Qf7 27. Nxf2 fxe4 28. Rh3
exf3+ 29. Kg1 e4 30. Re1 Rce8 31. Qd4 Re5 32. Be3 Qxd5 0-1

[Event "European Rapid 2011"]
[Site "Warsaw POL"]
[Date "2011.12.17"]
[Round "4"]
[White "Belov, Vladimir"]
[Black "Kujawski, Adam"]
[Result "1-0"]
[WhiteTitle "GM"]
[WhiteElo "2641"]
[BlackElo "2325"]
[WhiteFideId "4132394"]
[BlackFideId "1100920"]
[EventDate "2011.12.17"]

1. d4 Nf6 2. c4 c5 3. d5 e6 4. Nc3 exd5 5. cxd5 d6 6. e4 g6 7. Bd3 Bg7 8. h3 O-O
9. Nf3 h6 10. O-O a6 11. a4 b6 12. Bf4 g5 13. Bh2 g4 14. hxg4 Nxg4 15. Bg3 Qe7
16. Re1 Nd7 17. e5 Ndxe5 18. Nxe5 Bxe5 19. Qf3 f5 20. Ne2 Qg5 21. Nf4 Ra7 22.
Ra3 Rg7 23. Bc4 Bd4 24. Ne6 Bxe6 25. dxe6 Kh8 26. Rd1 f4 27. Rxd4 Ne5 28. Rxf4
Nxf3+ 29. Raxf3 Rxf4 30. Rxf4 d5 31. Bd3 Re7 32. Bf5 Qf6 33. Bh3 Qxb2 34. Rf8+
Kg7 35. Rd8 Qa1+ 36. Kh2 Qf6 37. Rd7 Kg6 38. Rxd5 Rxe6 39. Bxe6 Qxe6 40. Rd6 Kf5 1-0

[Event "European Rapid 2011"]
[Site "Warsaw POL"]
[Date "2011.12.17"]
[Round "4"]
[White "Lintchevski, Daniil"]
[Black "Meskovs, Nikita"]
[Result "1-0"]
[WhiteTitle "GM"]
[BlackTitle "FM"]
[WhiteElo "2575"]
[BlackElo "2292"]
[WhiteFideId "4171055"]
[BlackFideId "11602740"]
[EventDate "2011.12.17"]

1. d4 Nf6 2. c4 c5 3. Nf3 g6 4. Nc3 Bg7 5. e4 O-O 6. Be2 d6 7. O-O Nc6 8. d5 Na5
9. h3 a6 10. Bf4 Nd7 11. Qd2 Re8 12. Rfe1 b6 13. Bf1 Ne5 14. Nxe5 dxe5 15. Bg5
Nb7 16. a3 Nd6 17. b4 Bd7 18. Be3 Qc7 19. bxc5 bxc5 20. f3 f5 21. Qc2 f4 22. Bf2
Qa5 23. Reb1 Rab8 24. Be1 Rxb1 25. Qxb1 Qc7 26. Qc2 Rf8 27. Na4 g5 28. Bf2 Nb7
29. Rb1 Rf6 30. Rxb7 Qxb7 31. Nxc5 Qc7 32. Nxd7 Qxd7 33. c5 Rf8 34. c6 Qc7 35.
Bxa6 e6 36. dxe6 Bf6 37. Qb3 Rb8 38. Bb7 Be7 39. Qb6 Bd8 40. Qxc7 Bxc7 41. Bc5
Rd8 42. Kf1 Kg7 43. e7 Re8 44. Bb4 Kf6 45. a4 Rxe7 46. a5 Bb8 47. a6 Rf7 48. Bc5
Ke6 49. a7 1-0

[Event "European Rapid 2011"]
[Site "Warsaw POL"]
[Date "2011.12.17"]
[Round "4"]
[White "Zontakh, Andrey"]
[Black "Castiglione, Mario"]
[Result "1-0"]
[WhiteTitle "GM"]
[WhiteElo "2566"]
[BlackElo "2282"]
[WhiteFideId "14101130"]
[BlackFideId "14901641"]
[EventDate "2011.12.17"]

1. Nf3 f5 2. c4 Nf6 3. Nc3 b6 4. d4 e6 5. a3 Bb7 6. d5 Be7 7. g3 O-O 8. Bg2 Ne4
9. Nxe4 fxe4 10. Ne5 Bc5 11. O-O Qf6 12. Ng4 Qg6 13. Ne3 exd5 14. cxd5 a5 15.
Qc2 Re8 16. b3 Na6 17. Rd1 Re7 18. Bd2 Rf8 19. b4 Bd4 20. d6 Qxd6 21. Bc3 c5 22.
Bxd4 cxd4 23. Qc4+ Kh8 24. Qxd4 Qg6 25. Rab1 Qf7 26. Rf1 axb4 27. Qxb6 d5 28.
axb4 Re6 29. Qd4 Nc7 30. b5 Rf6 31. Ng4 Ne6 32. Qb2 Rf5 33. Ne5 Qc7 34. f4 d4
35. b6 Qe7 36. Qb4 Qxb4 37. Rxb4 g5 38. Bh3 Nxf4 39. gxf4 Rxf4 40. Rxd4 e3 41.
Rfxf4 gxf4 42. Bg2 Rg8 43. Nf7+ Kg7 44. Rxf4 Kf8 45. Nh6+ 1-0

[Event "European Rapid 2011"]
[Site "Warsaw POL"]
[Date "2011.12.17"]
[Round "4"]
[White "Briestensky, Rastislav"]
[Black "Gritsak, Orest"]
[Result "1-0"]
[WhiteTitle "FM"]
[BlackTitle "GM"]
[WhiteElo "2293"]
[BlackElo "2548"]
[WhiteFideId "14900394"]
[BlackFideId "14102188"]
[EventDate "2011.12.17"]

1. e4 c5 2. Nf3 e6 3. c4 Nc6 4. d4 cxd4 5. Nxd4 Nf6 6. Nc3 Bb4 7. Nxc6 bxc6 8.
Bd2 e5 9. Bd3 O-O 10. O-O d6 11. Na4 Bxd2 12. Qxd2 d5 13. exd5 cxd5 14. cxd5
Qxd5 15. Nc3 Qd4 16. Rfd1 Bb7 17. Bf1 Qxd2 18. Rxd2 Rfd8 19. Rad1 Rxd2 20. Rxd2
Kf8 21. f3 Rc8 22. Be2 Ke7 23. Kf2 Rc5 24. Bd1 Nd7 25. Bc2 Nb6 26. Be4 Bxe4 27.
Nxe4 Rc6 28. g4 f6 29. b3 Ke6 30. b4 Na4 31. h4 g6 32. g5 f5 33. Nf6 h6 34. b5
Rb6 35. Nd5 Rb7 36. gxh6 Rh7 37. Kg3 Nc5 38. b6 axb6 39. Nxb6 Rxh6 40. Nc4 e4
41. Rd6+ Ke7 42. Rd5 Nd3 43. fxe4 fxe4 44. Nd2 Nb4 45. Ra5 e3 46. Nf3 Kd6 47. a4
Rh8 48. Rg5 Nd3 49. Rxg6+ Kd5 50. Rg5+ Kc4 51. Rg4+ Kc3 52. Re4 Rg8+ 53. Kh2 Nf2
54. Rxe3+ Kb4 55. Re2 Nd3 56. Re4+ Kc3 57. h5 Rh8 58. Rh4 Nf4 59. Rxf4 Rxh5+ 60.
Kg3 Ra5 61. Kf2 Kb3 62. Nd2+ Kc3 63. Ke2 Re5+ 64. Re4 Rxe4+ 65. Nxe4+ Kb4 66.
Nc3 1-0

[Event "European Rapid 2011"]
[Site "Warsaw POL"]
[Date "2011.12.17"]
[Round "4"]
[White "Simonian, Hrair"]
[Black "Kolosowski, Pawel"]
[Result "1-0"]
[WhiteTitle "GM"]
[WhiteElo "2468"]
[BlackElo "2280"]
[WhiteFideId "13302337"]
[BlackFideId "1112660"]
[EventDate "2011.12.17"]

1. e4 e5 2. Nf3 Nc6 3. Bb5 a6 4. Ba4 Nf6 5. O-O Be7 6. Bxc6 bxc6 7. Nxe5 Nxe4 8.
Re1 Nc5 9. d4 Ne6 10. f4 c5 11. d5 Nd4 12. Qd3 d6 13. Nc6 Nxc6 14. dxc6 O-O 15.
Nc3 Bf6 16. Nd5 Be6 17. c3 Bd4+ 18. Ne3 Bxe3+ 19. Bxe3 Qf6 20. b4 Bf5 21. Qd5
Qg6 22. bxc5 dxc5 23. Qxc5 Be4 24. Qg5 Qxg5 25. fxg5 Bxc6 26. Bf4 Rab8 27. Rab1
Rxb1 28. Rxb1 Bd5 29. a4 c6 30. Rb6 Ra8 31. a5 Kf8 32. Bd6+ Ke8 33. Rb7 Rd8 34.
Bc5 Rd7 35. Rb6 Bc4 36. Rxc6 Rd1+ 37. Kf2 Rd2+ 38. Ke3 Rxg2 39. Bd4 Bb5 40. Rc5
Rxh2 41. Bxg7 Rh4 42. Bf6 Kd7 43. Re5 Bc4 44. Rc5 Be6 45. Bd4 Rh3+ 46. Kf2 Rh2+
47. Kg3 Ra2 48. Be5 Ra4 49. Rc7+ Kd8 50. Ra7 Bc4 51. Kf4 Ra1 52. Bd4 Rf1+ 53.
Ke5 Re1+ 54. Kd6 Re6+ 55. Kc5 Bb3 56. c4 Rg6 57. Bf6+ Kc8 58. Rxa6 h6 59. Rc6+
Kd7 1-0

[Event "European Rapid 2011"]
[Site "Warsaw POL"]
[Date "2011.12.17"]
[Round "4"]
[White "Kanarek, Marcel"]
[Black "Dumanski, Aleksander"]
[Result "1-0"]
[WhiteTitle "IM"]
[WhiteElo "2467"]
[BlackElo "2229"]
[WhiteFideId "1126822"]
[BlackFideId "1114379"]
[EventDate "2011.12.17"]

1. d4 d5 2. c4 e6 3. Nc3 Nf6 4. Bg5 Be7 5. cxd5 exd5 6. Qc2 O-O 7. e3 Nbd7 8.
Bd3 c6 9. Nge2 Re8 10. f3 Nf8 11. O-O Nh5 12. Bxe7 Qxe7 13. e4 Be6 14. e5 g6 15.
f4 Ng7 16. Nd1 f5 17. Ne3 Rec8 18. Rac1 Nd7 19. Qb3 Rab8 20. Rc2 Kh8 21. Rfc1
Rg8 22. h3 g5 23. Rf1 Nf8 24. fxg5 Qxg5 25. Nf4 Ng6 26. Nxg6+ hxg6 27. Be2 f4
28. Ng4 Nf5 29. Rd1 Rgf8 30. Rc3 Ng3 31. Bf3 Bf5 32. Re1 Ne4 33. Rc2 Ng3 34.
Rcc1 Ne4 35. Qb4 Rfd8 36. a4 1-0

[Event "European Rapid 2011"]
[Site "Warsaw POL"]
[Date "2011.12.17"]
[Round "4"]
[White "Lewicki, Miroslaw"]
[Black "Grabarczyk, Miroslaw"]
[Result "0-1"]
[WhiteTitle "CM"]
[BlackTitle "GM"]
[WhiteElo "2222"]
[BlackElo "2457"]
[WhiteFideId "1113380"]
[BlackFideId "1101684"]
[EventDate "2011.12.17"]

1. e4 c6 2. d4 d5 3. exd5 cxd5 4. Nf3 Nc6 5. c4 Nf6 6. Nc3 e6 7. Be2 Be7 8. O-O
O-O 9. a3 dxc4 10. Bxc4 b6 11. d5 Na5 12. Ba2 exd5 13. Nxd5 Be6 14. Nxe7+ Qxe7
15. Bd2 Bxa2 16. Bxa5 bxa5 17. Rxa2 Rab8 18. Qa4 Qe6 19. Raa1 Rxb2 20. Qxa5 Qb6
21. Qxb6 Rxb6 22. Rab1 Rfb8 23. Rxb6 Rxb6 24. Rc1 h6 25. Nd4 Ra6 26. Rc3 Ne4 27.
Rc8+ Kh7 28. f3 Nd2 29. Rc7 Rxa3 30. Rxf7 Kg6 31. Rd7 Rd3 32. Kf2 Nc4 33. Rd8
Rd2+ 34. Kg3 a5 35. Nc6 Rxd8 36. Nxd8 a4 37. Nc6 a3 38. Nb4 Kf5 39. h4 Ne5 40.
Na2 Nd3 41. Nc3 Nb4 42. Nb5 a2 43. Nd4+ Ke5 44. Nb3 h5 45. Na1 Nd3 46. Nb3 Kd5
47. f4 Ke4 48. f5 Kxf5 49. Kf3 Ne5+ 50. Kf2 Kf4 51. Na1 Ng4+ 0-1

[Event "European Rapid 2011"]
[Site "Warsaw POL"]
[Date "2011.12.17"]
[Round "4"]
[White "Berzinsh, Ivars"]
[Black "Sieciechowicz, Marcin"]
[Result "0-1"]
[BlackTitle "IM"]
[WhiteElo "2219"]
[BlackElo "2441"]
[WhiteFideId "11600764"]
[BlackFideId "1130170"]
[EventDate "2011.12.17"]

1. e4 c5 2. Nc3 Nc6 3. g3 g6 4. Bg2 Bg7 5. f4 d6 6. Nf3 e6 7. O-O Nge7 8. d3 O-O
9. Be3 b6 10. Bf2 Bb7 11. h3 Rc8 12. Kh2 Qc7 13. Rb1 Nd4 14. Ne2 Nxf3+ 15. Bxf3
d5 16. e5 d4 17. Ng1 f6 18. exf6 Bxf6 19. Bxb7 Qxb7 20. Nf3 Rce8 21. Qe2 Nc6 22.
Qe4 Qd7 23. Rbe1 e5 24. fxe5 Bxe5 25. Nxe5 Nxe5 26. Kg2 Nf3 27. Qxe8 Rxe8 28.
Rxe8+ Qxe8 29. Kxf3 Qc6+ 30. Ke2 Qe6+ 31. Kd2 Qxa2 32. b3 Qa5+ 33. Kd1 Qa1+ 34.
Ke2 Qc3 35. Kd1 b5 36. Re1 c4 37. bxc4 bxc4 38. dxc4 d3 39. cxd3 Qxd3+ 40. Kc1
Qxc4+ 41. Kd2 a5 42. Be3 a4 43. Rc1 Qb4+ 44. Kd3 Qd6+ 45. Bd4 Qxg3+ 46. Kc4 Qc7+ 0-1

[Event "European Rapid 2011"]
[Site "Warsaw POL"]
[Date "2011.12.17"]
[Round "4"]
[White "Szymanski, Andrzej2"]
[Black "Dragun, Kamil"]
[Result "1/2-1/2"]
[BlackTitle "IM"]
[WhiteElo "2212"]
[BlackElo "2424"]
[WhiteFideId "1105817"]
[BlackFideId "1134167"]
[EventDate "2011.12.17"]

1. d4 Nf6 2. c4 g6 3. Nc3 c5 4. d5 Bg7 5. e4 d6 6. Bd3 O-O 7. h3 e6 8. Nf3 exd5
9. cxd5 a6 10. a4 Re8 11. O-O Nbd7 12. Bf4 Qc7 13. Re1 Rb8 14. Bf1 Nh5 15. Bh2
Ne5 16. Be2 Qe7 17. Nxe5 Bxe5 18. Bxh5 Bxh2+ 19. Kxh2 Qe5+ 20. Kh1 gxh5 21. f4
Qxf4 22. Qxh5 Re5 23. Qe2 Bd7 24. Rf1 Qh6 25. Rf3 Rbe8 26. Raf1 f5 27. Qf2 Rf8
28. exf5 Rexf5 29. Qg3+ Qg6 30. Ne4 Rxf3 31. Rxf3 Rxf3 32. Qxf3 Bxa4 33. Qf4 Bb3
34. Nf6+ Kg7 35. Nd7 Qf7 36. Qg5+ Kh8 37. Qd8+ Kg7 38. Qg5+ Kh8 39. Qd8+ Kg7 40.
Qg5+ Kh8 1/2-1/2

[Event "European Rapid 2011"]
[Site "Warsaw POL"]
[Date "2011.12.17"]
[Round "4"]
[White "Alvarado, Carlos"]
[Black "Sotsky, Alexander"]
[Result "0-1"]
[BlackTitle "IM"]
[WhiteElo "2212"]
[BlackElo "2410"]
[WhiteFideId "3800555"]
[BlackFideId "4130715"]
[EventDate "2011.12.17"]

1. d4 e6 2. c4 d5 3. Nf3 f5 4. g3 Nf6 5. Bg2 c6 6. O-O Bd6 7. b3 Qe7 8. Bb2 O-O
9. Qc1 Bd7 10. Ba3 Be8 11. Nbd2 Nbd7 12. Bxd6 Qxd6 13. Qb2 Bh5 14. e3 Bxf3 15.
Nxf3 Ne4 16. Rac1 g5 17. Rfd1 Rae8 18. Ne5 Re7 19. b4 a6 20. a4 Rg7 21. f3 Nef6
22. b5 axb5 23. axb5 f4 24. exf4 gxf4 25. g4 h5 26. h3 hxg4 27. hxg4 Nxe5 28.
dxe5 Qc5+ 29. Kf1 Nxg4 30. fxg4 f3 31. Bh3 Rh7 32. cxd5 Qe3 33. Qd2 Qxe5 34. Re1
Qg3 35. Qg5+ Rg7 36. Qh6 f2 37. Rxe6 Qd3+ 38. Kg2 f1=Q+ 0-1

[Event "European Rapid 2011"]
[Site "Warsaw POL"]
[Date "2011.12.17"]
[Round "4"]
[White "Szyszylo, Rafal"]
[Black "Poetsch, Hagen"]
[Result "0-1"]
[BlackTitle "IM"]
[WhiteElo "2210"]
[BlackElo "2408"]
[WhiteFideId "1109626"]
[BlackFideId "24615137"]
[EventDate "2011.12.17"]

1. e4 e6 2. d4 d5 3. e5 c5 4. c3 Qb6 5. Nf3 Nc6 6. a3 f6 7. Bd3 fxe5 8. dxe5 c4
9. Bc2 Nge7 10. O-O g6 11. Re1 Bg7 12. Nbd2 O-O 13. b3 cxb3 14. Nxb3 Nxe5 15.
Rxe5 Bxe5 16. Be3 Qc7 17. Nxe5 Qxe5 18. Qd2 Nc6 19. Re1 Qh5 20. Bc5 Rf7 21. Re3
Qg5 22. Qe2 b6 23. Bd6 e5 24. Rg3 Qf6 25. Bb4 0-1

[Event "European Rapid 2011"]
[Site "Warsaw POL"]
[Date "2011.12.17"]
[Round "4"]
[White "Strzemiecki, Zbigniew"]
[Black "Musialkiewicz, Jan"]
[Result "1-0"]
[WhiteTitle "FM"]
[WhiteElo "2403"]
[BlackElo "2197"]
[WhiteFideId "1126687"]
[BlackFideId "1141929"]
[EventDate "2011.12.17"]

1. e4 c5 2. Nf3 d6 3. d4 cxd4 4. Nxd4 Nf6 5. f3 e5 6. Nb3 Be7 7. c4 O-O 8. Be3
Be6 9. Nc3 Nbd7 10. Qd2 a6 11. Be2 Rc8 12. Nd5 Nh5 13. O-O f5 14. exf5 Bxd5 15.
Qxd5+ Kh8 16. Qxb7 Nf4 17. Rfe1 Rxf5 18. Bf1 Rb8 19. Qc6 Nf8 20. Qe4 Qc8 21. g3
N8g6 22. gxf4 exf4 23. Bf2 Ne5 24. Kh1 Qf8 25. Nd4 Rh5 26. Ne6 Qf7 27. Nxf4 Rf5
28. Bg3 Bh4 29. Bd3 g6 30. Nxg6+ 1-0

[Event "European Rapid 2011"]
[Site "Warsaw POL"]
[Date "2011.12.17"]
[Round "4"]
[White "Sowul, Bartosz"]
[Black "Nedilko, Vasily"]
[Result "0-1"]
[BlackTitle "IM"]
[WhiteElo "2196"]
[BlackElo "2392"]
[WhiteFideId "1137590"]
[BlackFideId "14101459"]
[EventDate "2011.12.17"]

1. d4 Nf6 2. c4 g6 3. Nc3 d5 4. Nf3 Bg7 5. Bg5 Ne4 6. cxd5 Nxg5 7. Nxg5 e6 8.
Nf3 exd5 9. b4 Qd6 10. Qb3 Nc6 11. e3 a6 12. a3 Ne7 13. Be2 O-O 14. O-O Be6 15.
Ne1 Bf5 16. a4 c6 17. Bd3 Rfe8 18. Bxf5 Nxf5 19. Nd3 h5 20. b5 axb5 21. axb5 h4
22. h3 Rxa1 23. Rxa1 Nxe3 24. Re1 Bxd4 25. Nd1 Ba7 26. Qb4 Qxb4 27. Nxb4 Re4 28.
bxc6 Rxb4 29. c7 Rc4 30. Nxe3 Bxe3 31. Rxe3 Rxc7 32. Re8+ Kg7 33. Rd8 Rc5 34.
Kf1 Kf6 35. Rb8 Rc7 36. Rd8 Ke6 37. Rh8 g5 38. Ke2 Rd7 39. Kd3 d4 40. f4 f6 41.
fxg5 fxg5 42. Rb8 Ke5 43. Rf8 b5 44. Rf1 Rc7 45. Rb1 Rc3+ 46. Ke2 Ke4 47. Rxb5 0-1

[Event "European Rapid 2011"]
[Site "Warsaw POL"]
[Date "2011.12.17"]
[Round "4"]
[White "Zambo, Zoltan"]
[Black "Lewandowski, Rafal"]
[Result "1/2-1/2"]
[WhiteTitle "FM"]
[WhiteElo "2389"]
[BlackElo "2195"]
[WhiteFideId "722146"]
[BlackFideId "1111981"]
[EventDate "2011.12.17"]

1. d4 Nf6 2. Nf3 e6 3. g3 b6 4. Bg2 Bb7 5. O-O Be7 6. c4 d5 7. Ne5 Nbd7 8. Nc3
O-O 9. Qa4 Nxe5 10. dxe5 Ne4 11. Nxe4 dxe4 12. Rd1 Qe8 13. Qc2 Qc6 14. Rd4 Qc5
15. Be3 Qxe5 16. Bxe4 Bxe4 17. Rxe4 Qf5 18. c5 Bxc5 19. Bxc5 bxc5 20. Rc4 Qxc2
21. Rxc2 Rab8 22. b3 Rb5 23. Rac1 Rc8 24. Kg2 Kf8 25. Kf3 Ke7 26. Rxc5 Rxc5 27.
Rxc5 c6 28. Ke4 Kd6 29. b4 Rb8 30. a3 Rb5 31. Rxb5 cxb5 32. f4 f6 33. g4 g6 34.
h4 h5 35. g5 fxg5 36. fxg5 e5 37. Kd3 Kd5 38. e4+ 1/2-1/2